Svenske Sidestilte Busser - Statistics

General Stats
  • This quiz has been taken 142 times
  • The average score is 7 of 21
Answer Stats
Hints Answer % Correct
20 Wonderbajsen
65%
13 Knugen
59%
15 Plog1
56%
19 Tralla
47%
2 Blunt1
41%
3 Bæsj1
38%
8 Himmelen
38%
4 Fresern
35%
16 Ristern
35%
1 Baby
32%
12 Kungen
32%
14 Neven
32%
17 Stadion V2
32%
5 Forhuden
29%
11 Krana
29%
10 Hulken
26%
18 Tjukk1
26%
6 Gswægon
24%
9 Hingsten
15%
Ørnen
15%
7 Gåsa
12%
No matching quizzes found
Score Distribution
Percent of People with Each Score
Percentile by Number Answered
Your Score History
You have not taken this quiz